Detalles MARC
| 000 -LÍDER |
| Campo fijo de descripción fija |
01182cam a2200337 i 4500 |
| 001 - NÚMERO DE CONTROL |
| Campo de control |
20674 |
| 003 - IDENTIFICADOR DEL NÚMERO DE CONTROL |
| Campo de control |
CO-MdFUSB |
| 005 - FECHA Y HORA DE LA ULTIMA TRANSACCIÓN |
| control field |
20190202100412.0 |
| 008 - ELEMENTOS DE LONGITUD FIJA -- INFORMACIÓN GENERAL |
| Campo fijo de descripción fija -- Información general |
161122t1986 xxu||||f |||| 00| 0 eng d |
| 020 ## - NÚMERO INTERNACIONAL NORMALIZADO PARA LIBROS |
| Número Internacional Normalizado del libro |
0-8006-0471-7 |
| 040 ## - FUENTE DE CATALOGACIÓN |
| Agencia de catalogación original |
CO-MdFUSB |
| Idioma de catalogación |
spa |
| Agencia que realiza la transcripción |
CO-MdFUSB |
| Agencia que realiza la modificación |
CO-MdFUSB |
| Convenciones de la descripción |
rda |
| 041 ## - CÓDIGO DE IDIOMA |
| Código de idioma para texto/pista de sonido o título separado |
eng |
| 082 ## - NÚMERO DE CLASIFICACIÓN DECIMAL DEWEY |
| Número de la edición del Dewey |
24 |
| Número de clasificación |
220.66 |
| Clave de autor-Numero de item |
OL44te |
| 100 1# - ASIENTO PRINCIPAL--NOMBRE PERSONAL |
| Nombre personal |
McCarter, Jr., P. Kyle |
| Término relacionador |
autor |
| 245 10 - TÍTULO |
| Título del Material |
Textual criticism |
| Parte restante del título - Subtitulo |
: Recovering the text of the Hebrew Bible |
| Mención de responsabilidad, etc. |
/ P. Kyle McCarter, Jr. |
| 264 #1 - PRODUCCIÓN, PUBLICACIÓN, DISTRIBUCIÓN, MANUFACTURA, Y COPYRIGHT |
| Lugar de producción, publicación, distribución, manufactura |
Philadelphia, Pennsylvania : |
| Nombre del productor, publicador, distribuidor |
Fortress Press |
| Fecha de producción, publicación, distribución, manufactura, o copyright |
℗[1986] |
| 264 #4 - PRODUCCIÓN, PUBLICACIÓN, DISTRIBUCIÓN, MANUFACTURA, Y COPYRIGHT |
| Fecha de producción, publicación, distribución, manufactura, o copyright |
©1986 |
| 300 ## - DESCRIPCIÓN FÍSICA |
| Extensión |
94 páginas |
| Otros detalles físicos |
: |
| Dimensiones |
; |
| 336 ## - TIPO DE CONTENIDO |
| Fuente |
rdacontent |
| Término de tipo de contenido |
|
| Código de tipo de contenido |
|
| 337 ## - TIPO DE MEDIO |
| Fuente |
rdamedia |
| Nombre del tipo de medio |
|
| Código del tipo de medio |
|
| 338 ## - TIPO DE SOPORTE |
| Fuente |
rdacarrier |
| Nombre del tipo de soporte |
|
| Código Tipo de soporte |
|
| 490 #1 - MENCIÓN DE SERIE |
| Mención de serie |
Guides to Biblical Scholarship |
| 501 ## - NOTA DE “CON” |
| Nota de Contenido |
Rútstico |
| 505 00 - NOTA DE CONTENIDO |
| Nota de contenido con formato preestablecido |
El arte y la ciencia de la crítica textual - Las causas de la corrupción textual - Los procedimientos básicos de la crítica textual |
| 630 #7 - TITULO UNIFORME |
| Título uniforme |
Biblia. |
| Nombre de parte o sección de la obra |
Antiguo Testamento |
| Subdivisión de materia general |
Crítica, interpretación, etc. |
| 650 #7 - ASIENTO SECUNDARIO DE MATERIA - TERMINO TEMÁTICO |
| Término temático o nombre geográfico como elemento de entrada |
Crítica textual |
| Fuente del encabezamiento o término |
|
| 9 (RLIN) |
482 |
| 653 ## - TÉRMINO DE INDIZACIÓN - NO CONTROLADO |
| Término no controlado |
Higher criticism -- Bible. O.T. |
| 830 ## - PUNTO DE ACCESO ADICIONAL DE SERIE - TÍTULO UNIFORME |
| Título uniforme |
Old Testament Series |
| 942 ## - TIPO DE MATERIAL (KOHA) |
| Tipo de Item KOHA |
Libros de Referencia |